Statistieken voor Top 15 Covid-19 getroffen landen - 12 mei

Klik hier om de quiz te nemen!

Algemene statistieken

  • Deze quiz is 3 keer genomen
  • De gemiddelde score is 3 van 24

Antwoordstatistieken

land% Correct
China
100%
Canada
67%
India
67%
Belgium
33%
Brazil
33%
Iran
33%
Bahrain
0%
Belarus
0%
France
0%
Germany
0%
Ireland
0%
Italy
0%
Netherlands
0%
Peru
0%
Portugal
0%
Qatar
0%
Russia
0%
Singapore
0%
Spain
0%
Sweden
0%
Switzerland
0%
Turkey
0%
United Kingdom
0%
United States
0%

Scoreverdeling

Percentiel versus Aantal Correcte Antwoorden

Procent van Mensen met Elke Score

Uw Scoregeschiedenis

U heeft deze quiz nog niet genomen